Southville International School and Colleges
Your cart is empty.
  • Cart
  • Lists
    Public lists Eva Luna New books Lux_list list_1
    Your lists Log in to create your own lists
  • Log in to your account
  • Your cookies
  • Search history
Southville International School and Colleges
  • Advanced search
  • Recent comments
  • Most popular
  • Libraries

Log in to your account

Log in with GOOGLE


If you do not have an external account, but do have a local account, you can still log in:

  1. Home
  2. MARC view: The tempest /
Normal view MARC view ISBD view

The tempest / (Record no. 13988)

[ view plain ]
MARC details
000 -LEADER
fixed length control field 01175cam a2200337 a 4500
001 - CONTROL NUMBER
control field 5085771
003 - CONTROL NUMBER IDENTIFIER
control field OSt
005 - DATE AND TIME OF LATEST TRANSACTION
control field 20140310182518.0
008 - FIXED-LENGTH DATA ELEMENTS--GENERAL INFORMATION
fixed length control field 030820s2004 nyua g b 000 0 eng
010 ## - LIBRARY OF CONGRESS CONTROL NUMBER
LC control number 2003060936
020 ## - INTERNATIONAL STANDARD BOOK NUMBER
International Standard Book Number 9780743482837
035 ## - SYSTEM CONTROL NUMBER
System control number (OCoLC)53001209
040 ## - CATALOGING SOURCE
Original cataloging agency DLC
Language of cataloging eng
Transcribing agency DLC
Modifying agency CaOTSM
050 00 - LIBRARY OF CONGRESS CALL NUMBER
Classification number PR 2833
Item number .Sh527 1994
100 1# - MAIN ENTRY--PERSONAL NAME
Personal name Shakespeare, William
Dates associated with a name 1564-1616.
9 (RLIN) 9253
245 14 - TITLE STATEMENT
Title The tempest /
Statement of responsibility, etc William Shakespeare ; edited by Barbara A. Mowat and Paul Werstine.
260 ## - PUBLICATION, DISTRIBUTION, ETC. (IMPRINT)
Place of publication, distribution, etc New York :
Name of publisher, distributor, etc Washington Square Press,
Date of publication, distribution, etc c1994.
300 ## - PHYSICAL DESCRIPTION
Extent 355 p. ;
Other physical details ill. ;
Dimensions 22 cm.
440 #2 - SERIES STATEMENT/ADDED ENTRY--TITLE
Title A Norton critical edition.
9 (RLIN) 9254
504 ## - BIBLIOGRAPHY, ETC. NOTE
Bibliography, etc Includes bibliographical references (p. 351-355).
600 10 - SUBJECT ADDED ENTRY--PERSONAL NAME
Personal name Shakespeare, William,
Dates associated with a name 1564-1616.
Title of a work Tempest.
9 (RLIN) 9255
650 #0 - SUBJECT ADDED ENTRY--TOPICAL TERM
Topical term or geographic name as entry element Survival after airplane accidents, shipwrecks, etc
Form subdivision Drama.
9 (RLIN) 9256
650 #0 - SUBJECT ADDED ENTRY--TOPICAL TERM
Topical term or geographic name as entry element Fathers and daughters
Form subdivision Drama.
9 (RLIN) 9257
650 #0 - SUBJECT ADDED ENTRY--TOPICAL TERM
Topical term or geographic name as entry element Castaways
Form subdivision Drama.
9 (RLIN) 9258
650 #0 - SUBJECT ADDED ENTRY--TOPICAL TERM
Topical term or geographic name as entry element Magicians
Form subdivision Drama.
9 (RLIN) 9259
650 #0 - SUBJECT ADDED ENTRY--TOPICAL TERM
Topical term or geographic name as entry element Islands
Form subdivision Drama.
9 (RLIN) 9260
700 1# - ADDED ENTRY--PERSONAL NAME
Personal name Hulme, Peter.
9 (RLIN) 9261
700 1# - ADDED ENTRY--PERSONAL NAME
Personal name Sherman, William H.
Fuller form of name (William Howard).
9 (RLIN) 9262
942 ## - ADDED ENTRY ELEMENTS (KOHA)
Source of classification or shelving scheme Library of Congress Classification
Koha item type
Holdings
Withdrawn status Lost status Source of classification or shelving scheme Damaged status Home library Current library Shelving location Date acquired Total Checkouts Full call number Barcode Date last seen Copy number Price effective from Koha item type
    Library of Congress Classification   South SEED-LPDH College Library South SEED-LPDH College Library South SEED-LPDH College Section 08/10/2013   PR 2833 .Sh527 2004 SSLC0686 05/15/2018 1 08/10/2013 Books

The tempest /

APA

Shakespeare W., Hulme P. & Sherman W. H. (1994). The tempest. New York: Washington Square Press.

Chicago

Shakespeare William, Hulme Peter and Sherman William H. 1994. The tempest. New York: Washington Square Press.

Harvard

Shakespeare W., Hulme P. and Sherman W. H. (1994). The tempest. New York: Washington Square Press.

MLA

Shakespeare William, Hulme Peter and Sherman William H. The tempest. New York: Washington Square Press. 1994.

  • Place hold
  • Print
  • Cite
  • Add to your cart (remove)
  • Save record
    BIBTEX Dublin Core MARCXML MARC (non-Unicode/MARC-8) MARC (Unicode/UTF-8) MARC (Unicode/UTF-8, Standard) MODS (XML) RIS
  • More searches
    Search for this title in:
    Other Libraries (WorldCat) Other Databases (Google Scholar) Online Stores (Bookfinder.com) Open Library (openlibrary.org)

Exporting to Dublin Core...

SOUTHVILLE LIBRARY

Southville International School and Colleges Library

1281 Tropical Ave. Cor. Luxembourg St., BF Homes International, Las Pinas City

Tel. No. 8256374 / 252358 Loc. 117/146

Powered by Koha